ბათუმის შოთა რუსთაველის სახელმწიფო უნივერსიტეტის ბიბლიოთეკა

სიცილ-სიცილში (ბიბ.ჩანაწერი № 48267)

000 -LEADER
fixed length control field 00769nam a2200229Ia 4500
001 - CONTROL NUMBER
control field 15152
003 - CONTROL NUMBER IDENTIFIER
control field GE_BSU
008 - FIXED-LENGTH DATA ELEMENTS--GENERAL INFORMATION
fixed length control field 181216s||||||||xx |||||||||||||| ||und||
040 ## - CATALOGING SOURCE
Transcribing agency GE_BSU
080 ## - UNIVERSAL DECIMAL CLASSIFICATION NUMBER
Universal Decimal Classification number 821.353.1-7
100 ## - MAIN ENTRY--PERSONAL NAME
Personal name ნიშნიანიძე,გიზო
245 ## - TITLE STATEMENT
Title სიცილ-სიცილში
245 ## - TITLE STATEMENT
Remainder of title იუმორ. მოთხრობები
245 ## - TITLE STATEMENT
Statement of responsibility, etc. რედ. რეზო მიშველაძე. მხატვ. ჯ. ლოლუა
260 ## - PUBLICATION, DISTRIBUTION, ETC.
Place of publication, distribution, etc. თბილისი
260 ## - PUBLICATION, DISTRIBUTION, ETC.
Name of publisher, distributor, etc. ხელოვნება
260 ## - PUBLICATION, DISTRIBUTION, ETC.
Date of publication, distribution, etc. 1976
300 ## - PHYSICAL DESCRIPTION
Extent 351გვ. : ილ. ; 21სმ
653 ## - INDEX TERM--UNCONTROLLED
Uncontrolled term იუმორ. მოთხრობები
653 ## - INDEX TERM--UNCONTROLLED
Uncontrolled term სიცილ-სიცილში
942 ## - ADDED ENTRY ELEMENTS (KOHA)
Koha item type წიგნი
ეგზემპლარები
Withdrawn status Lost status Damaged status Not for loan Date acquired Barcode Date last seen Price effective from Koha item type Public note
        2018-12-17 38143 2018-12-17 2018-12-17 წიგნი  
        2018-12-17 38144 2018-12-17 2018-12-17 წიგნი  
        2018-12-17 41535 2018-12-17 2018-12-17 წიგნი  
        2018-12-17 41535 აგრ.ტექ.ბიბლ. 2018-12-17 2018-12-17 წიგნი აგრ.ტექ.ბიბლ.